Percepción de las mujeres sobre la imagen femenina en la pantalla

Bibliographic Details
Main Author: Oyanedel Aviles, Regina
Other Authors: Zarzuri Cortés, Raúl (profesor guía)
Format: Tesis
Language:Spanish
Published: Santiago, Chile: Universidad Academia de Humanismo Cristiano, 2008.
Subjects:
Online Access:Disponible en línea (PDF). Biblioteca Digital UAHC

MARC

LEADER 00000cmm a2200000 a 4500
001 047980
003 UAHC_CL
005 20221108123102.0
008 081216s2008 cl o d 000 spa
040 |a UAHC_CL  |c UAHC_CL  |d UAHC_CL 
100 1 |a Oyanedel Aviles, Regina 
245 1 0 |a Percepción de las mujeres sobre la imagen femenina en la pantalla  |c Regina Oyanedel Aviles; profesor guía Raúl Zarzuri. 
260 |a Santiago, Chile:  |b Universidad Academia de Humanismo Cristiano,  |c 2008. 
300 |a 142 páginas. 
500 |a Tesis para optar al grado académico de Licenciado/a en Sociología y al título de Sociólogo/a. 
502 |a Tesis (Sociología) -- Universidad Academia de Humanismo Cristiano, 2008.  
516 |a Tesis electrónica (PDF). Solicitar envío de documento a biblioteca@academia.cl.  
518 |a La presente tesis tiene por objetivo dar cuenta de la percepción que tienen las mujeres de la imagen femenina que se proyecta en las pantallas de la televisión abierta, así como establecer si existen estereotipos de mujer reconocidos en la pantalla. 
650 0 |a Género  |x Aspectos sociales  |9 605 
650 0 |a Televisión  |9 579 
700 1 |a Zarzuri Cortés, Raúl  |e profesor guía 
856 |u http://bibliotecadigital.academia.cl/xmlui/handle/123456789/183  |y Disponible en línea (PDF). Biblioteca Digital UAHC 
900 |a TSOC 107 
942 |c TS 
952 |0 0  |1 0  |4 0  |6 TSOC_107_000000000000000  |7 0  |8 COMP  |9 86427  |a BC  |b BC  |c Digital  |d 2017-08-03  |o TSOC 107  |r 2019-01-02 00:00:00  |w 2017-08-03  |y TS  |z Documento en PDF  |B SOC 
999 |c 47980  |d 47980